Loading...
Fine Arts - Classical Music | 0 | 7 | 0 | 0 | 70 | 32 | 61.57 | 5 | 7 |
History - American History | 0 | 6 | 1 | 0 | 55 | 23 | 59.67 | 4 | 6 |
History - World History | 0 | 5 | 2 | 1 | 40 | 49 | 85.40 | 0 | 5 |
Literature - European Literature | 0 | 3 | 0 | 0 | 30 | 20 | 62.67 | 1 | 3 |
Mythology | 0 | 2 | 0 | 0 | 20 | 54 | 90.00 | 1 | 2 |
Religion | 0 | 2 | 0 | 0 | 20 | 76 | 94.00 | 2 | 2 |
History - European History | 0 | 2 | 1 | 0 | 15 | 11 | 41.00 | 1 | 2 |
Social Science | 0 | 1 | 0 | 0 | 10 | 84 | 84.00 | 1 | 1 |
Fine Arts - Painting & Sculpture | 0 | 2 | 2 | 1 | 10 | 90 | 104.00 | 0 | 2 |
Philosophy | 0 | 1 | 0 | 0 | 10 | 113 | 113.00 | 0 | 1 |
Science - Other Science | 0 | 1 | 0 | 0 | 10 | 51 | 51.00 | 1 | 1 |
History - Other History | 0 | 1 | 1 | 1 | 5 | 120 | 120.00 | 1 | 1 |
Literature - American Literature | 0 | 1 | 1 | 0 | 5 | 92 | 92.00 | 1 | 1 |
Fine Arts - Other Fine Arts | 0 | 1 | 1 | 0 | 5 | 107 | 107.00 | 0 | 1 |